| 000 | 00435nam a2200181Ia 4500 | ||
|---|---|---|---|
| 001 | 25120 | ||
| 005 | 20260414151128.0 | ||
| 008 | 260414t2010||||xx |||||||||||||| ||spa|| | ||
| 041 | _aESP | ||
| 082 |
_a346.24 _bM28 |
||
| 110 |
_aPontificia Universidad Católica Argentina _eAUT |
||
| 245 | 0 |
_aEl matrimonio _b |
|
| 260 | _c2010 | ||
| 300 |
_a83 páginas : _c28 cm. |
||
| 650 | _aDER | ||
| 654 | _aCDE | ||
| 942 |
_cLIB _dJUS _fJUS _2ddc _n |
||
| 999 |
_c25120 _d25120 |
||